Manual of laboratory methods for chemical analysis of rubber effluent (Record no. 36020)

MARC details
000 -LEADER
fixed length control field 00322nam a2200109Ia 4500
082 ## - DEWEY DECIMAL CLASSIFICATION NUMBER
Classification number NR:678.0121980
Item number RRM
245 #0 - TITLE STATEMENT
Title Manual of laboratory methods for chemical analysis of rubber effluent
260 ## - PUBLICATION, DISTRIBUTION, ETC. (IMPRINT)
Place of publication Kuala Lumpur
Name of publisher RRIM
Year of publication 1980
650 ## - SUBJECT ADDED ENTRY--TOPICAL TERM
Topical Term Rubber effluent
942 ## - ADDED ENTRY ELEMENTS (KOHA)
Koha item type Books
Holdings
Withdrawn status Lost status Damaged status Not for loan Home library Current library Date acquired Cost, normal purchase price Full call number Accession Number Koha item type
        RRII Library RRII Library 16/12/2021 15.00 NR:678.0121980 RRM 16437 Books